[Event "IECG CP.2000.P.00071"]
[Site "IECG email"]
[Date "2000.10.01"]
[Round "?"]
[White "Martucci, Massimo"]
[Black "Olsen, Mikkel"]
[Result "1-0"]
[WhiteElo "983"]
[BlackElo "1450"]
[PlyCount "35"]
[EventDate "2000.10.01"]
[EventType "tourn (corr)"]
[EventRounds "6"]
[EventCountry "ESP"]
[SourceTitle "Corr 2008"]
[Source "ChessBase"]
[SourceDate "2008.06.24"]
[SourceVersion "1"]
[SourceVersionDate "2008.06.24"]
[SourceQuality "1"]

1. e4 c5 2. Nf3 d6 3. d4 cxd4 4. Nxd4 Nf6 5. Nc3 e6 6. Be2 Be7 7. 0-0 0-0 8. Be3 a6 9. f4 Nc6 10. Kh1 Qc7 11. Qe1 e5 12. fxe5 dxe5 13. Qg3 Nxd4 14. Bxd4 Nd7 15. Nd5 Qd6 16. Bc3 b5 17. Bb4 Qg6 18. Nxe7+ 1-0